Capitals to Country - Europe - Statistics

General Stats
  • This quiz has been taken 792 times
  • The average score is 41 of 45
Answer Stats
Hint Answer % Correct
Andorra la Vella Andorra
97%
Berlin Germany
97%
Athens Greece
97%
Dublin Ireland
97%
Rome Italy
97%
Amsterdam Netherlands
97%
Lisbon Portugal
97%
San Marino San Marino
97%
London United Kingdom
97%
Vatican City Vatican City
97%
Vienna Austria
96%
Brussels Belgium
96%
Paris France
96%
Luxembourg Luxembourg
96%
Moscow Russia
96%
Madrid Spain
96%
Stockholm Sweden
96%
Copenhagen Denmark
95%
Helsinki Finland
95%
Monaco Monaco
95%
Oslo Norway
95%
Warsaw Poland
95%
Prague Czech Republic
94%
Budapest Hungary
94%
Reykjavik Iceland
94%
Kiev Ukraine
94%
Sofia Bulgaria
91%
Bern Switzerland
91%
Minsk Belarus
90%
Bucharest Romania
89%
Zagreb Croatia
88%
Tirana Albania
86%
Sarajevo Bosnia and Herzegovina
86%
Tallinn Estonia
86%
Belgrade Serbia
86%
Bratislava Slovakia
86%
Ljubljana Slovenia
86%
Riga Latvia
85%
Vilnius Lithuania
82%
Valletta Malta
82%
Vaduz Liechtenstein
79%
Chisinau Moldova
79%
Podgorica Montenegro
79%
Skopje North Macedonia
79%
Pristina Kosovo
78%
No matching quizzes found
Score Distribution
Percent of People with Each Score
Percentile by Number Answered
Your Score History
You have not taken this quiz